Análisis hidráulico de flujo transitorio en sistemas de conducción de plantas hidroeléctricas
Uloženo v:
| Hlavní autor: | |
|---|---|
| Médium: | Kniha |
| Jazyk: | Spanish |
| Vydáno: |
[San José], Costa Rica
2012
|
| Témata: | |
| Tagy: |
Přidat tag
Žádné tagy, Buďte první, kdo vytvoří štítek k tomuto záznamu!
|
MARC
| LEADER | 00000nam a22000007a 4500 | ||
|---|---|---|---|
| 003 | 010903 | ||
| 005 | 20221231143922.0 | ||
| 008 | 151019b2012 cr a|||| |||| 00| 0 spa d | ||
| 040 | |c cru CEDI | ||
| 090 | |a TFG 6725 | ||
| 100 | |9 1655 |a Arce Rodríguez, Julio | ||
| 245 | |a Análisis hidráulico de flujo transitorio en sistemas de conducción de plantas hidroeléctricas | ||
| 260 | |a [San José], Costa Rica |c 2012 | ||
| 500 | |a Proyecto de graduación (licenciatura en ingeniería civil)--Universidad de Costa Rica. Facultad de Ingeniería. Escuela de Ingeniería Civil | ||
| 648 | |x GOLPE DE ARIETE - PROCESAMIENTO DE DATOS |x GOLPE DE ARIETE - MODELOS MATEMATICOS |x TUBERIAS PARA AGUA |x TANQUES DE OSCILACION |x ANALISIS NUMERICO |x SIMULACION POR COMPUTADORAS DIGITALES |9 1656 | ||
| 942 | |c TFG | ||
| 999 | |c 14219 |d 14219 | ||
